000
00307 a2200109 4500
001
ART_11013
005
20260410161849.0
008
260409a
245
1
0
_a
Econometría dinámica
100
1
_a
Ahumada, Hildegart
773
0
_t
Económica
_g
- Año XXXIII,Nº 2 (jul./dic. 1987)
_w
REV7541
999
_c
24856
_d
24856